00346pab a2200121 454500008004000000100002600040245009000066260000900156300001500165362000800180650001800188773001800206180718b2007 xxu||||| |||| 00| 0 eng d aPropper, Carol et al. aThe impact of neighbourhood on the income and mental health of British social renters c2007 ap.393-415. aFeb aMental health aUrban Studies